=LDR 00000nam 2200000 4500 =001 INLIS000000000000011 =005 20150113133544.0 =006 =007 =008 Ind =035 ##$$0010-061300000000011 =041 ##$$a Ind =082 ##$$a 907.07 =090 ##$$a 907.07 Mur g =100 ##$$a Muryani =245 ##$$a Geografi dan kependudukan untuk SLTP / Muryani, Sri Sundari, M.Djuwardijanto =260 ##$$aJakarta$bGramedia$c1992 =300 ##$$a ...jil. : ilus. ; 25cm =650 ##$$a Geografi =650 ##$$a Studi dan pengajaran =700 ##$$a Sri Sundari =850 ##$$a NBPDMAT